[Event "DOM-ch"]
[Site "Santo Domingo"]
[Date "2019.04.27"]
[Round "2"]
[White "Reynoso Henriquez, Juan Bautista"]
[Black "Mesa Cruz, Juan Carlos"]
[Result "1-0"]
[WhiteElo "2083"]
[BlackElo "1781"]
[PlyCount "89"]
[EventDate "2019.04.26"]
[EventType "swiss"]
[EventRounds "11"]
[EventCountry "DOM"]
[SourceTitle "CBM 190 Extra"]
[Source "ChessBase"]
[SourceDate "2019.07.15"]
[SourceVersion "1"]
[SourceVersionDate "2019.07.15"]
[SourceQuality "1"]

1. e4 e5 2. Nf3 Nc6 3. Bb5 a6 4. Ba4 Nf6 5. 0-0 Be7 6. Re1 b5 7. Bb3 0-0 8. c3 d5 9. exd5 Nxd5 10. Nxe5 Nxe5 11. Rxe5 c6 12. d4 Bd6 13. Re1 Qh4 14. g3 Qh3 15. Be3 Bg4 16. Qd3 f5 17. Qf1 Qh5 18. f4 Kh8 19. Bxd5 cxd5 20. Nd2 Rf6 21. Qg2 Re8 22. Qxd5 Rh6 23. Qg2 Rhe6 24. Bf2 Be2 25. a4 Rg6 26. axb5 axb5 27. Nf3 Rh6 28. Ng5 Rf6 29. Ra8 Rxa8 30. Qxa8+ Rf8 31. Qd5 Be7 32. Qe5 Bxg5 33. Qxe2 Qxe2 34. Rxe2 Bf6 35. b3 g6 36. c4 Kg7 37. Rc2 Rc8 38. c5 Kf7 39. d5 Ke7 40. Kf1 Rd8 41. Re2+ Kd7 42. Re6 Bc3 43. Rd6+ Kc7 44. Rxd8 Kxd8 45. Ke2 1-0

[Event "DOM-ch"]
[Site "Santo Domingo"]
[Date "2017.04.28"]
[Round "5"]
[White "Camacho Campusano, David Daniel"]
[Black "Reynoso Henriquez, Juan Bautista"]
[Result "1/2-1/2"]
[WhiteElo "2143"]
[BlackElo "2063"]
[PlyCount "90"]
[EventDate "2017.04.21"]
[EventType "swiss"]
[EventRounds "11"]
[EventCountry "DOM"]
[SourceTitle "CBM 178 Extra"]
[Source "ChessBase"]
[SourceDate "2017.06.22"]
[SourceVersion "1"]
[SourceVersionDate "2017.06.22"]
[SourceQuality "1"]

1. e4 c5 2. Nf3 d6 3. d4 cxd4 4. Nxd4 Nf6 5. Nc3 g6 6. Be3 Bg7 7. f3 0-0 8. Qd2 Nc6 9. 0-0-0 d5 10. exd5 Nxd5 11. Nxc6 bxc6 12. Bd4 Be6 13. Bc4 Bxd4 14. Qxd4 Qa5 15. Bb3 Rfd8 16. Qa4 Qb6 17. Nxd5 Bxd5 18. Rhe1 Bxb3 19. Qxb3 Qc5 20. h4 Rab8 21. Rxd8+ Rxd8 22. Qe3 Qa5 23. a3 e6 24. g4 Qd5 25. Kb1 h5 26. gxh5 Qxh5 27. Qg5 Qxg5 28. hxg5 Rd5 29. f4 Rd4 30. Rf1 Kg7 31. c3 Rd2 32. Re1 Kf8 33. Re4 Rf2 34. Ra4 a5 35. Rd4 e5 36. fxe5 Re2 37. Rc4 Rxe5 38. Rxc6 Rxg5 39. b4 Re5 40. Kc2 g5 41. Ra6 axb4 42. axb4 Ke7 43. Kd3 g4 44. Ra5 Rxa5 45. bxa5 Kd6 1/2-1/2

[Event "San Francisco de Macoris op"]
[Site "San Francisco de Macoris"]
[Date "2016.03.04"]
[Round "4"]
[White "Reynoso Henriquez, Juan Bautista"]
[Black "Cruz Fernandez, Johan"]
[Result "1-0"]
[WhiteElo "2036"]
[BlackElo "1734"]
[PlyCount "67"]
[EventDate "2016.02.26"]
[EventType "swiss"]
[EventRounds "6"]
[EventCountry "DOM"]
[SourceTitle "CBM 171 Extra"]
[Source "ChessBase"]
[SourceDate "2016.04.26"]
[SourceVersion "1"]
[SourceVersionDate "2016.04.26"]
[SourceQuality "1"]

1. e4 e5 2. d4 exd4 3. Qxd4 Nc6 4. Qe3 Nf6 5. Nc3 b6 6. Bd2 Qe7 7. 0-0-0 Bb7 8. Nh3 0-0-0 9. Nf4 Qc5 10. Qg3 Nb4 11. f3 d5 12. a3 Nxc2 13. Kxc2 d4 14. b4 Qe5 15. Na4 a5 16. Rc1 axb4 17. axb4 Be7 18. Kb1 d3 19. Nd5 Bd6 20. Bf4 Qd4 21. Bxd6 Nxd5 22. exd5 Kb8 23. Bxc7+ Ka8 24. Qf4 Rxd5 25. Nxb6+ Ka7 26. Nxd5 Qxd5 27. Qc4 Qxc4 28. Rxc4 Ba6 29. Rd4 Rc8 30. Bxd3 Bxd3+ 31. Rxd3 Rxc7 32. Rc1 Rb7 33. Rc4 Re7 34. Kb2 1-0

[Event "Santiago de los Caballeros op"]
[Site "Santiago de los Caballeros"]
[Date "2015.11.08"]
[Round "4"]
[White "Reynoso Henriquez, Juan Bautista"]
[Black "Jaquez, Juan Manuel"]
[Result "0-1"]
[WhiteElo "1976"]
[BlackElo "2103"]
[PlyCount "52"]
[EventDate "2015.11.06"]
[EventType "swiss"]
[EventRounds "6"]
[EventCountry "DOM"]
[SourceTitle "CBM 169 Extra"]
[Source "ChessBase"]
[SourceDate "2015.12.18"]
[SourceVersion "1"]
[SourceVersionDate "2015.12.18"]
[SourceQuality "1"]

1. e4 e6 2. d4 d5 3. Nd2 Nf6 4. e5 Nfd7 5. Bd3 c5 6. c3 Nc6 7. Ne2 cxd4 8. cxd4 f6 9. exf6 Nxf6 10. 0-0 Bd6 11. Nf3 0-0 12. Bg5 Qc7 13. Rc1 a6 14. Re1 Qf7 15. Nc3 Qh5 16. h3 h6 17. Bd2 Bd7 18. a3 g5 19. Na4 g4 20. hxg4 Nxg4 21. Be3 Nxe3 22. fxe3 Bg3 23. Re2 e5 24. dxe5 Nxe5 25. Bb1 Rxf3 26. Qxd5+ Rf7 0-1